Culture Générale - Clic Quiz - La réponse est dans un GIF #1 - Statistiques

Statistiques générales
  • Ce quiz a été pris 348 fois
  • Le résultat moyen est 14 sur 20
Statistiques - réponses
Hint Réponse % Correct
Pub Tipiak
87%
Braquage espagnol
85%
Nonante-huit
85%
50/50
83%
Pub Milka
83%
Concert Shy'm
80%
Concert Hellfest
79%
Ketchup/Mayo
78%
Pub Danette
75%
Concert Super Bowl
73%
Froome au Mont Ventoux
69%
100 patates
67%
Humour danois
66%
Concert cinéma
65%
Guerini à l'Alpe d'Huez
61%
Pub Kiri
60%
Roulette russe
60%
Cinéma turc
58%
Gilbert au Portet d'Aspet
54%
Porte au Mont du Chat
29%
Aucun quiz correspondant
Distribution des résultats
% des personnes avec chaque résultat
Percentile par nombre de réponses
Votre historique - résultats
Vous n’avez pas pris ce quiz